000 00787nam a2200241Ia 4500
003 OSt
005 20220923223439.0
006 a|||||r|||| 00| 0
007 ta
008 220922b |||||||| |||| 00| 0 hin d
024 _a215,505
037 _cTextual
040 _aARTS
_cARTS
_bhin
041 _2hin
_ahin
082 _a/\2y7M63, 152P1
100 _aशान्ता कुमार
245 0 _aविश्व विजेता
_b विवेकानंद
246 _aVishva vijetā: vivekānanda
260 _aनयी दिल्ली
_b भारतीय प्रका0 संस्थान
_c2001
300 _a116 पृ.
_ccm.
942 _h/\2y7M63, 152P1
_cTEXL
_2CC
999 _c365354
_d365354